[Event "Deutscher Mix-Teampokal U12 2025"]
[Site "Bad Homburg GER"]
[Date "2025.07.20"]
[Round "5"]
[White "Feldhaus, Lena"]
[Black "Nickel, Alexander"]
[Result "0-1"]
[Termination "normal"]
[Board "4.2"]
[WhiteElo "1474"]
[BlackElo "1418"]
[WhiteClock "00:04:47"]
[BlackClock "00:18:23"]
[WhiteTeam "OSC Rheinhausen 04"]
[BlackTeam "SK Kelheim 1920"]
[PlyCount "134"]
[WhiteFideId "34642684"]
[BlackFideId "533011656"]
[EventCountry "GER"]
[EventRounds "5"]
[EventType "team-swiss"]
[EventDate "2025.07.18"]

1. e4 {[%clk 00:55:07]} {[%emt 00:00:02]} e5 {[%clk 00:55:09]} {[%emt
00:00:02]} 2. Nf3 {[%clk 00:55:04]} {[%emt 00:00:08]} Nc6 {[%clk 00:55:10]}
{[%emt 00:00:04]} 3. Bc4 {[%clk 00:54:59]} {[%emt 00:00:10]} Bc5 {[%clk
00:55:08]} {[%emt 00:00:07]} 4. d3 {[%clk 00:54:40]} {[%emt 00:00:24]} Nf6
{[%clk 00:54:20]} {[%emt 00:00:52]} 5. Bg5 {[%clk 00:54:08]} {[%emt 00:00:36]}
h6 {[%clk 00:54:16]} {[%emt 00:00:10]} 6. Bh4 {[%clk 00:54:01]} {[%emt
00:00:12]} d6 {[%clk 00:54:15]} {[%emt 00:00:06]} 7. h3 {[%clk 00:53:55]}
{[%emt 00:00:10]} Bd7 {[%clk 00:53:14]} {[%emt 00:01:07]} 8. Nc3 {[%clk
00:53:35]} {[%emt 00:00:24]} g5 {[%clk 00:52:46]} {[%emt 00:00:33]} 9. Bg3
{[%clk 00:53:30]} {[%emt 00:00:10]} Qe7 {[%clk 00:52:42]} {[%emt 00:00:09]} 10.
Qd2 {[%clk 00:52:40]} {[%emt 00:00:54]} Rf8 {[%clk 00:51:45]} {[%emt 00:01:02]}
11. Nb5 {[%clk 00:45:36]} {[%emt 00:07:10]} Bb6 {[%clk 00:49:19]} {[%emt
00:02:31]} 12. O-O-O {[%clk 00:37:51]} {[%emt 00:07:50]} a6 {[%clk 00:48:07]}
{[%emt 00:01:18]} 13. Nc3 {[%clk 00:36:22]} {[%emt 00:01:33]} Ba5 {[%clk
00:47:41]} {[%emt 00:00:30]} 14. Rhe1 {[%clk 00:35:44]} {[%emt 00:00:44]} Nd4
{[%clk 00:46:59]} {[%emt 00:00:47]} 15. Kb1 {[%clk 00:31:23]} {[%emt 00:04:26]}
Ba4 {[%clk 00:45:05]} {[%emt 00:01:56]} 16. b3 {[%clk 00:30:22]} {[%emt
00:01:09]} Bb5 {[%clk 00:44:16]} {[%emt 00:00:53]} 17. Kb2 {[%clk 00:27:52]}
{[%emt 00:02:35]} Bxc4 {[%clk 00:42:40]} {[%emt 00:01:41]} 18. dxc4 {[%clk
00:27:33]} {[%emt 00:00:24]} c5 {[%clk 00:41:05]} {[%emt 00:01:40]} 19. Qd3
{[%clk 00:20:34]} {[%emt 00:07:04]} Qd7 {[%clk 00:39:25]} {[%emt 00:01:46]} 20.
Re3 {[%clk 00:18:57]} {[%emt 00:01:42]} Bxc3+ {[%clk 00:37:31]} {[%emt
00:01:58]} 21. Qxc3 {[%clk 00:18:37]} {[%emt 00:00:25]} Qc6 {[%clk 00:32:57]}
{[%emt 00:04:40]} 22. Qd3 {[%clk 00:18:11]} {[%emt 00:00:30]} b5 {[%clk
00:28:58]} {[%emt 00:04:04]} 23. cxb5 {[%clk 00:16:12]} {[%emt 00:02:05]} axb5
{[%clk 00:29:01]} {[%emt 00:00:01]} 24. Nxd4 {[%clk 00:15:38]} {[%emt
00:00:39]} cxd4 {[%clk 00:27:53]} {[%emt 00:01:13]} 25. Re2 {[%clk 00:14:55]}
{[%emt 00:00:47]} Qc5 {[%clk 00:26:48]} {[%emt 00:01:11]} 26. b4 {[%clk
00:11:52]} {[%emt 00:03:09]} Qxb4+ {[%clk 00:26:13]} {[%emt 00:00:39]} 27. Qb3
{[%clk 00:11:48]} {[%emt 00:00:09]} Qxb3+ {[%clk 00:25:25]} {[%emt 00:00:53]}
28. axb3 {[%clk 00:11:37]} {[%emt 00:00:16]} Nh5 {[%clk 00:24:04]} {[%emt
00:01:23]} 29. Red2 {[%clk 00:11:12]} {[%emt 00:00:32]} Nxg3 {[%clk 00:23:16]}
{[%emt 00:00:53]} 30. fxg3 {[%clk 00:11:10]} {[%emt 00:00:07]} b4 {[%clk
00:23:16]} {[%emt 00:00:06]} 31. Rf1 {[%clk 00:10:55]} {[%emt 00:00:19]} Rc8
{[%clk 00:23:09]} {[%emt 00:00:12]} 32. Rf6 {[%clk 00:10:34]} {[%emt 00:00:25]}
Rc3 {[%clk 00:22:20]} {[%emt 00:00:54]} 33. Rd3 {[%clk 00:10:22]} {[%emt
00:00:17]} Rxd3 {[%clk 00:21:45]} {[%emt 00:00:40]} 34. cxd3 {[%clk 00:10:19]}
{[%emt 00:00:08]} Ke7 {[%clk 00:21:41]} {[%emt 00:00:09]} 35. Rxh6 {[%clk
00:10:15]} {[%emt 00:00:09]} Rc8 {[%clk 00:21:36]} {[%emt 00:00:10]} 36. h4
{[%clk 00:09:27]} {[%emt 00:00:54]} gxh4 {[%clk 00:21:14]} {[%emt 00:00:27]}
37. gxh4 {[%clk 00:09:18]} {[%emt 00:00:14]} Rc3 {[%clk 00:21:09]} {[%emt
00:00:10]} 38. Rh8 {[%clk 00:08:55]} {[%emt 00:00:28]} Rxd3 {[%clk 00:21:00]}
{[%emt 00:00:14]} 39. Kc2 {[%clk 00:08:26]} {[%emt 00:00:33]} Re3 {[%clk
00:20:54]} {[%emt 00:00:12]} 40. h5 {[%clk 00:08:23]} {[%emt 00:00:08]} Kf6
{[%clk 00:20:52]} {[%emt 00:00:07]} 41. Rd8 {[%clk 00:07:48]} {[%emt 00:00:38]}
Kg5 {[%clk 00:20:13]} {[%emt 00:00:45]} 42. g4 {[%clk 00:07:29]} {[%emt
00:00:24]} Rxe4 {[%clk 00:19:55]} {[%emt 00:00:23]} 43. Rxd6 {[%clk 00:07:28]}
{[%emt 00:00:06]} Rxg4 {[%clk 00:19:52]} {[%emt 00:00:08]} 44. Rd5 {[%clk
00:07:22]} {[%emt 00:00:11]} f6 {[%clk 00:19:35]} {[%emt 00:00:22]} 45. Rd6
{[%clk 00:07:14]} {[%emt 00:00:14]} Rf4 {[%clk 00:19:27]} {[%emt 00:00:12]} 46.
h6 {[%clk 00:07:03]} {[%emt 00:00:16]} Kxh6 {[%clk 00:19:27]} {[%emt 00:00:05]}
47. Rb6 {[%clk 00:06:58]} {[%emt 00:00:10]} Kg5 {[%clk 00:19:17]} {[%emt
00:00:15]} 48. Rxb4 {[%clk 00:06:48]} {[%emt 00:00:15]} d3+ {[%clk 00:19:14]}
{[%emt 00:00:08]} 49. Kc3 {[%clk 00:06:40]} {[%emt 00:00:13]} Rxb4 {[%clk
00:19:14]} {[%emt 00:00:05]} 50. Kxb4 {[%clk 00:06:38]} {[%emt 00:00:07]} d2
{[%clk 00:19:14]} {[%emt 00:00:05]} 51. Ka5 {[%clk 00:06:35]} {[%emt 00:00:08]}
d1=Q {[%clk 00:19:13]} {[%emt 00:00:06]} 52. b4 {[%clk 00:06:34]} {[%emt
00:00:06]} Qd5+ {[%clk 00:19:11]} {[%emt 00:00:07]} 53. b5 {[%clk 00:06:27]}
{[%emt 00:00:11]} Qb7 {[%clk 00:19:13]} {[%emt 00:00:04]} 54. b6 {[%clk
00:06:05]} {[%emt 00:00:28]} e4 {[%clk 00:18:52]} {[%emt 00:00:26]} 55. Kb4
{[%clk 00:05:56]} {[%emt 00:00:14]} Qxb6+ {[%clk 00:18:53]} {[%emt 00:00:04]}
56. Kc4 {[%clk 00:05:51]} {[%emt 00:00:09]} Qd6 {[%clk 00:18:52]} {[%emt
00:00:05]} 57. Kc3 {[%clk 00:05:42]} {[%emt 00:00:14]} Qd5 {[%clk 00:18:55]}
{[%emt 00:00:03]} 58. Kb4 {[%clk 00:05:33]} {[%emt 00:00:14]} Qc6 {[%clk
00:18:55]} {[%emt 00:00:05]} 59. Kb3 {[%clk 00:05:29]} {[%emt 00:00:09]} Qc5
{[%clk 00:18:51]} {[%emt 00:00:09]} 60. Kb2 {[%clk 00:05:28]} {[%emt 00:00:07]}
Qc4 {[%clk 00:18:52]} {[%emt 00:00:04]} 61. Kb1 {[%clk 00:05:07]} {[%emt
00:00:28]} Qc3 {[%clk 00:18:54]} {[%emt 00:00:03]} 62. Ka2 {[%clk 00:05:02]}
{[%emt 00:00:09]} Qb4 {[%clk 00:18:57]} {[%emt 00:00:02]} 63. Ka1 {[%clk
00:04:58]} {[%emt 00:00:09]} Kf4 {[%clk 00:18:50]} {[%emt 00:00:12]} 64. Ka2
{[%clk 00:04:53]} {[%emt 00:00:11]} Ke3 {[%clk 00:18:25]} {[%emt 00:00:30]} 65.
Ka1 {[%clk 00:04:52]} {[%emt 00:00:05]} Kd2 {[%clk 00:18:25]} {[%emt 00:00:05]}
66. Ka2 {[%clk 00:04:51]} {[%emt 00:00:06]} Kc1 {[%clk 00:18:23]} {[%emt
00:00:07]} 67. Ka1 {[%clk 00:04:47]} {[%emt 00:00:09]} Qa5# {[%emt 00:00:04]}
0-1

[Event "Deutscher Mix-Teampokal U12 2025"]
[Site "Bad Homburg GER"]
[Date "2025.07.20"]
[Round "5"]
[White "Riera Galmés, Lucia"]
[Black "Murrau, Adela"]
[Result "0-1"]
[Termination "normal"]
[Board "4.3"]
[WhiteElo "1010"]
[BlackElo "1009"]
[WhiteClock "00:22:51"]
[BlackClock "00:22:42"]
[WhiteTeam "SK Kelheim 1920"]
[BlackTeam "OSC Rheinhausen 04"]
[PlyCount "120"]
[WhiteFideId "533050694"]
[BlackFideId "533050716"]
[EventCountry "GER"]
[EventRounds "5"]
[EventType "team-swiss"]
[EventDate "2025.07.18"]

1. e4 {[%clk 00:55:08]} e5 {[%clk 00:55:01]} {[%emt 00:00:06]} 2. Nf3 {[%clk
00:55:11]} {[%emt 00:00:06]} Nc6 {[%clk 00:54:55]} {[%emt 00:00:09]} 3. Nc3
{[%clk 00:55:12]} {[%emt 00:00:05]} Nf6 {[%clk 00:54:50]} {[%emt 00:00:10]} 4.
Bb5 {[%clk 00:55:10]} {[%emt 00:00:07]} d6 {[%clk 00:54:40]} {[%emt 00:00:12]}
5. h3 {[%clk 00:54:59]} {[%emt 00:00:20]} Be7 {[%clk 00:54:28]} {[%emt
00:00:17]} 6. d3 {[%clk 00:54:53]} {[%emt 00:00:11]} O-O {[%clk 00:54:04]}
{[%emt 00:00:29]} 7. Bg5 {[%clk 00:54:47]} {[%emt 00:00:10]} a6 {[%clk
00:53:43]} {[%emt 00:00:26]} 8. Bc4 {[%clk 00:54:39]} {[%emt 00:00:13]} b5
{[%clk 00:53:29]} {[%emt 00:00:19]} 9. Bd5 {[%clk 00:54:23]} {[%emt 00:00:21]}
Nxd5 {[%clk 00:52:59]} {[%emt 00:00:35]} 10. Nxd5 {[%clk 00:53:17]} {[%emt
00:01:13]} Bxg5 {[%clk 00:52:38]} {[%emt 00:00:25]} 11. O-O {[%clk 00:53:05]}
{[%emt 00:00:17]} Bf6 {[%clk 00:52:15]} {[%emt 00:00:28]} 12. Re1 {[%clk
00:52:42]} {[%emt 00:00:28]} Nd4 {[%clk 00:51:51]} {[%emt 00:00:29]} 13. c3
{[%clk 00:52:26]} {[%emt 00:00:22]} Ne6 {[%clk 00:51:40]} {[%emt 00:00:16]} 14.
d4 {[%clk 00:52:15]} {[%emt 00:00:16]} c6 {[%clk 00:50:48]} {[%emt 00:00:57]}
15. Nb4 {[%clk 00:51:52]} {[%emt 00:00:27]} Qd7 {[%clk 00:50:25]} {[%emt
00:00:28]} 16. Qd3 {[%clk 00:49:39]} {[%emt 00:02:18]} Nf4 {[%clk 00:48:20]}
{[%emt 00:02:11]} 17. Qe3 {[%clk 00:49:14]} {[%emt 00:00:30]} a5 {[%clk
00:47:56]} {[%emt 00:00:29]} 18. Nc2 {[%clk 00:49:04]} {[%emt 00:00:14]} Bb7
{[%clk 00:46:32]} {[%emt 00:01:29]} 19. Rad1 {[%clk 00:48:16]} {[%emt
00:00:53]} Qe6 {[%clk 00:46:15]} {[%emt 00:00:21]} 20. dxe5 {[%clk 00:47:50]}
{[%emt 00:00:32]} dxe5 {[%clk 00:46:08]} {[%emt 00:00:12]} 21. b3 {[%clk
00:47:10]} {[%emt 00:00:45]} a4 {[%clk 00:45:21]} {[%emt 00:00:52]} 22. Rb1
{[%clk 00:46:07]} {[%emt 00:01:09]} axb3 {[%clk 00:44:48]} {[%emt 00:00:38]}
23. axb3 {[%clk 00:46:05]} {[%emt 00:00:07]} Ra2 {[%emt 00:01:11]} 24. Nb4
{[%clk 00:45:15]} {[%emt 00:00:12]} Ra3 {[%clk 00:43:24]} {[%emt 00:01:05]} 25.
Qb6 {[%clk 00:43:58]} {[%emt 00:01:22]} Qd7 {[%clk 00:42:28]} {[%emt 00:01:01]}
26. c4 {[%clk 00:43:48]} {[%emt 00:00:16]} bxc4 {[%clk 00:41:16]} {[%emt
00:01:16]} 27. bxc4 {[%clk 00:43:39]} {[%emt 00:00:14]} Raa8 {[%clk 00:40:14]}
{[%emt 00:01:07]} 28. Rbd1 {[%clk 00:43:09]} {[%emt 00:00:35]} Ne2+ {[%clk
00:39:23]} {[%emt 00:00:55]} 29. Kh1 {[%clk 00:42:43]} {[%emt 00:00:31]} Qe7
{[%clk 00:38:17]} {[%emt 00:01:11]} 30. Rxe2 {[%clk 00:42:29]} {[%emt
00:00:19]} c5 {[%clk 00:37:58]} {[%emt 00:00:24]} 31. Nd3 {[%clk 00:41:49]}
{[%emt 00:00:39]} Ra6 {[%clk 00:37:36]} {[%emt 00:00:31]} 32. Qb5 {[%clk
00:41:12]} {[%emt 00:00:44]} Rc6 {[%clk 00:36:45]} {[%emt 00:00:56]} 33. Rb2
{[%clk 00:37:30]} {[%emt 00:03:45]} Rb8 {[%clk 00:36:37]} {[%emt 00:00:13]} 34.
Qa5 {[%clk 00:37:08]} {[%emt 00:00:24]} Rc7 {[%clk 00:36:09]} {[%emt 00:00:37]}
35. Nd2 {[%clk 00:36:16]} {[%emt 00:00:57]} Ra8 {[%clk 00:34:37]} {[%emt
00:01:38]} 36. Qc3 {[%emt 00:00:58]} Qd6 {[%clk 00:32:40]} {[%emt 00:01:56]}
37. Rb5 {[%clk 00:34:44]} {[%emt 00:00:49]} Qd4 {[%clk 00:32:19]} {[%emt
00:00:26]} 38. Qc2 {[%clk 00:34:26]} {[%emt 00:00:22]} Bxe4 {[%clk 00:31:51]}
{[%emt 00:00:34]} 39. Nxe4 {[%clk 00:34:02]} {[%emt 00:00:29]} Qxe4 {[%clk
00:31:48]} {[%emt 00:00:07]} 40. Re1 {[%clk 00:33:29]} {[%emt 00:00:39]} Qg6
{[%clk 00:31:09]} {[%emt 00:00:41]} 41. Qb3 {[%clk 00:32:48]} {[%emt 00:00:48]}
h6 {[%clk 00:30:59]} {[%emt 00:00:17]} 42. Rxc5 {[%clk 00:32:23]} {[%emt
00:00:30]} Rxc5 {[%clk 00:30:42]} {[%emt 00:00:22]} 43. Nxc5 {[%clk 00:32:22]}
{[%emt 00:00:06]} Qf5 {[%clk 00:29:44]} {[%emt 00:01:02]} 44. Rf1 {[%clk
00:31:52]} {[%emt 00:00:36]} Bh4 {[%clk 00:29:14]} {[%emt 00:00:37]} 45. Kg1
{[%clk 00:31:41]} {[%emt 00:00:14]} Kh7 {[%clk 00:27:26]} {[%emt 00:01:53]} 46.
Na4 {[%clk 00:30:32]} {[%emt 00:01:14]} Ra6 {[%clk 00:26:38]} {[%emt 00:00:53]}
47. c5 {[%clk 00:30:21]} {[%emt 00:00:17]} Rg6 {[%clk 00:26:04]} {[%emt
00:00:39]} 48. Qb7 {[%clk 00:29:46]} {[%emt 00:00:38]} Qxh3 {[%clk 00:25:21]}
{[%emt 00:00:50]} 49. Qd5 {[%clk 00:28:15]} {[%emt 00:01:34]} Be7 {[%clk
00:25:01]} {[%emt 00:00:26]} 50. c6 {[%clk 00:27:54]} {[%emt 00:00:26]} Qc8
{[%clk 00:24:43]} {[%emt 00:00:19]} 51. Rc1 {[%clk 00:27:04]} {[%emt 00:01:00]}
Bd8 {[%clk 00:24:08]} {[%emt 00:00:40]} 52. Nb6 {[%clk 00:26:03]} {[%emt
00:01:06]} Bxb6 {[%clk 00:24:01]} {[%emt 00:00:13]} 53. Qd7 {[%clk 00:25:15]}
{[%emt 00:00:50]} Qxd7 {[%clk 00:23:46]} {[%emt 00:00:22]} 54. cxd7 {[%clk
00:25:09]} {[%emt 00:00:12]} Rd6 {[%clk 00:23:32]} {[%emt 00:00:20]} 55. Rb1
{[%clk 00:24:37]} {[%emt 00:00:36]} Bd8 {[%clk 00:23:22]} {[%emt 00:00:16]} 56.
Rb7 {[%clk 00:24:28]} {[%emt 00:00:14]} Ba5 {[%clk 00:22:59]} {[%emt 00:00:27]}
57. Ra7 {[%clk 00:23:38]} {[%emt 00:00:55]} Bd2 {[%clk 00:22:46]} {[%emt
00:00:19]} 58. Rc7 {[%clk 00:23:22]} {[%emt 00:00:20]} Kg6 {[%clk 00:22:44]}
{[%emt 00:00:07]} 59. Rc2 {[%clk 00:23:00]} {[%emt 00:00:27]} Rxd7 {[%clk
00:22:42]} {[%emt 00:00:07]} 60. Rc5 {[%clk 00:22:51]} {[%emt 00:00:13]} e4
{[%clk 00:22:42]} {[%emt 00:00:07]} 0-1

[Event "Deutscher Mix-Teampokal U12 2025"]
[Site "Bad Homburg GER"]
[Date "2025.07.20"]
[Round "5"]
[White "Schreiner, Moritz"]
[Black "Jöhnke, Thore"]
[Result "1/2-1/2"]
[Termination "normal"]
[Board "5.1"]
[WhiteElo "822"]
[BlackElo "1159"]
[WhiteClock "00:00:12"]
[BlackClock "00:29:06"]
[WhiteTeam "SC Pirmasens 1912"]
[BlackTeam "SchVgg Blankenese 1923"]
[PlyCount "65"]
[WhiteFideId "533050732"]
[BlackFideId "34699619"]
[EventCountry "GER"]
[EventRounds "5"]
[EventType "team-swiss"]
[EventDate "2025.07.18"]

1. e4 {[%clk 00:55:09]} {[%emt 01:04:56]} e5 {[%clk 00:55:03]} {[%emt
00:00:07]} 2. Nf3 {[%clk 00:55:10]} {[%emt 00:00:04]} Nc6 {[%clk 00:55:03]}
{[%emt 00:00:05]} 3. Bb5 {[%clk 00:55:07]} {[%emt 00:00:09]} a6 {[%clk
00:55:03]} {[%emt 00:00:05]} 4. Ba4 {[%clk 00:55:06]} {[%emt 00:00:06]} Nf6
{[%clk 00:55:03]} {[%emt 00:00:05]} 5. O-O {[%clk 00:54:58]} {[%emt 00:00:13]}
Bc5 {[%clk 00:54:53]} {[%emt 00:00:15]} 6. c3 {[%clk 00:54:42]} {[%emt
00:00:20]} d6 {[%clk 00:54:50]} {[%emt 00:00:09]} 7. d4 {[%clk 00:54:30]}
{[%emt 00:00:17]} exd4 {[%clk 00:54:22]} {[%emt 00:00:33]} 8. cxd4 {[%clk
00:54:26]} {[%emt 00:00:09]} Ba7 {[%clk 00:54:02]} {[%emt 00:00:16]} 9. Nc3
{[%clk 00:53:09]} {[%emt 00:01:31]} O-O {[%clk 00:53:49]} {[%emt 00:00:17]} 10.
Re1 {[%clk 00:52:31]} {[%emt 00:00:43]} Bg4 {[%clk 00:53:41]} {[%emt 00:00:13]}
11. Bg5 {[%clk 00:49:59]} {[%emt 00:02:37]} Nxd4 {[%clk 00:52:49]} {[%emt
00:00:57]} 12. Qd3 {[%clk 00:46:23]} {[%emt 00:03:40]} c6 {[%clk 00:52:09]}
{[%emt 00:00:46]} 13. Nxd4 {[%clk 00:45:15]} {[%emt 00:01:13]} Bb8 {[%clk
00:50:23]} {[%emt 00:01:51]} 14. Bc2 {[%clk 00:44:40]} {[%emt 00:00:40]} d5
{[%clk 00:47:41]} {[%emt 00:02:47]} 15. exd5 {[%clk 00:42:23]} {[%emt
00:02:23]} Qd6 {[%clk 00:47:05]} {[%emt 00:00:40]} 16. Nf3 {[%clk 00:34:20]}
{[%emt 00:08:08]} Bxf3 {[%clk 00:46:37]} {[%emt 00:00:34]} 17. gxf3 {[%clk
00:33:48]} {[%emt 00:00:37]} Qxh2+ {[%clk 00:46:25]} {[%emt 00:00:17]} 18. Kf1
{[%clk 00:33:44]} {[%emt 00:00:09]} Qh1+ {[%clk 00:46:23]} {[%emt 00:00:07]}
19. Ke2 {[%clk 00:33:28]} {[%emt 00:00:21]} Qh2 {[%clk 00:45:09]} {[%emt
00:01:13]} 20. Bxf6 {[%clk 00:33:16]} {[%emt 00:00:22]} Re8+ {[%clk 00:44:24]}
{[%emt 00:00:48]} 21. Kd2 {[%clk 00:29:29]} {[%emt 00:03:49]} Qxf2+ {[%clk
00:44:08]} {[%emt 00:00:27]} 22. Ne2 {[%clk 00:27:30]} {[%emt 00:02:01]} Bf4+
{[%clk 00:43:30]} {[%emt 00:00:44]} 23. Kd1 {[%clk 00:26:18]} {[%emt 00:01:18]}
g6 {[%clk 00:42:55]} {[%emt 00:00:40]} 24. dxc6 {[%clk 00:23:08]} {[%emt
00:03:15]} bxc6 {[%clk 00:42:31]} {[%emt 00:00:29]} 25. Ba4 {[%clk 00:22:06]}
{[%emt 00:01:06]} Re6 {[%clk 00:41:37]} {[%emt 00:00:59]} 26. Bd4 {[%clk
00:19:24]} {[%emt 00:02:44]} Qh4 {[%clk 00:38:24]} {[%emt 00:03:22]} 27. Bb3
{[%clk 00:16:18]} {[%emt 00:03:11]} Rd6 {[%clk 00:35:54]} {[%emt 00:02:36]} 28.
Qc4 {[%clk 00:13:26]} {[%emt 00:02:56]} Re6 {[%clk 00:33:41]} {[%emt 00:02:19]}
29. Qb4 {[%clk 00:08:58]} {[%emt 00:04:32]} Rd6 {[%clk 00:31:21]} {[%emt
00:02:24]} 30. Nxf4 {[%clk 00:07:16]} {[%emt 00:01:49]} Qxf4 {[%clk 00:31:01]}
{[%emt 00:00:24]} 31. Kc2 {[%clk 00:02:48]} {[%emt 00:04:33]} Rxd4 {[%clk
00:29:55]} {[%emt 00:01:11]} 32. Qc3 {[%clk 00:00:55]} {[%emt 00:01:59]} Rad8
{[%clk 00:29:06]} {[%emt 00:00:50]} 33. Rad1 {[%clk 00:00:12]} {[%emt
00:00:51]} 1/2-1/2

[Event "Deutscher Mix-Teampokal U12 2025"]
[Site "Bad Homburg GER"]
[Date "2025.07.20"]
[Round "5"]
[White "Du, Vivian"]
[Black "Werner, Aleksandra"]
[Result "1-0"]
[Termination "normal"]
[Board "5.2"]
[WhiteElo "1412"]
[BlackElo "816"]
[WhiteClock "00:24:08"]
[BlackClock "00:09:38"]
[WhiteTeam "SchVgg Blankenese 1923"]
[BlackTeam "SC Pirmasens 1912"]
[PlyCount "69"]
[WhiteFideId "533025924"]
[BlackFideId "533050740"]
[EventCountry "GER"]
[EventRounds "5"]
[EventType "team-swiss"]
[EventDate "2025.07.18"]

1. e4 {[%clk 00:55:08]} e5 {[%clk 00:55:03]} {[%emt 00:00:07]} 2. Nf3 {[%clk
00:55:08]} {[%emt 00:00:05]} Nc6 {[%clk 00:55:00]} {[%emt 00:00:08]} 3. Bc4
{[%clk 00:55:03]} {[%emt 00:00:09]} Bc5 {[%clk 00:53:40]} {[%emt 00:01:26]} 4.
d3 {[%clk 00:54:59]} {[%emt 00:00:09]} d6 {[%clk 00:53:14]} {[%emt 00:00:32]}
5. c3 {[%clk 00:54:42]} {[%emt 00:00:21]} Nf6 {[%clk 00:52:33]} {[%emt
00:00:46]} 6. Qb3 {[%clk 00:54:05]} {[%emt 00:00:41]} O-O {[%clk 00:52:06]}
{[%emt 00:00:32]} 7. Be3 {[%clk 00:52:43]} {[%emt 00:01:28]} Bxe3 {[%clk
00:50:39]} {[%emt 00:01:32]} 8. fxe3 {[%clk 00:52:42]} {[%emt 00:00:06]} Ng4
{[%clk 00:49:28]} {[%emt 00:01:16]} 9. Qc2 {[%clk 00:47:23]} {[%emt 00:05:24]}
Nxe3 {[%clk 00:49:00]} {[%emt 00:00:33]} 10. Qf2 {[%clk 00:46:54]} {[%emt
00:00:34]} Nxc4 {[%clk 00:48:22]} {[%emt 00:00:43]} 11. dxc4 {[%clk 00:46:53]}
{[%emt 00:00:06]} Be6 {[%clk 00:46:26]} {[%emt 00:01:57]} 12. Nbd2 {[%clk
00:46:33]} {[%emt 00:00:29]} a6 {[%clk 00:38:57]} {[%emt 00:07:34]} 13. h3
{[%clk 00:45:30]} {[%emt 00:01:08]} b5 {[%clk 00:38:37]} {[%emt 00:00:25]} 14.
cxb5 {[%clk 00:44:46]} {[%emt 00:00:49]} axb5 {[%clk 00:38:24]} {[%emt
00:00:18]} 15. a3 {[%clk 00:44:18]} {[%emt 00:00:33]} b4 {[%clk 00:37:34]}
{[%emt 00:00:55]} 16. O-O {[%clk 00:43:48]} {[%emt 00:00:35]} bxc3 {[%clk
00:36:00]} {[%emt 00:01:40]} 17. bxc3 {[%clk 00:43:42]} {[%emt 00:00:10]} h6
{[%clk 00:34:28]} {[%emt 00:01:37]} 18. Qg3 {[%clk 00:41:57]} {[%emt 00:01:50]}
Ra4 {[%clk 00:32:13]} {[%emt 00:02:18]} 19. Rfd1 {[%clk 00:37:24]} {[%emt
00:04:39]} Qa8 {[%clk 00:30:13]} {[%emt 00:02:04]} 20. Nh4 {[%clk 00:35:39]}
{[%emt 00:01:52]} Ne7 {[%clk 00:27:23]} {[%emt 00:02:48]} 21. Rf1 {[%clk
00:33:03]} {[%emt 00:02:47]} g5 {[%clk 00:24:08]} {[%emt 00:03:21]} 22. Nf5
{[%clk 00:31:59]} {[%emt 00:01:09]} Nxf5 {[%clk 00:23:13]} {[%emt 00:01:00]}
23. exf5 {[%clk 00:31:56]} {[%emt 00:00:08]} Bd7 {[%clk 00:22:45]} {[%emt
00:00:33]} 24. f6 {[%clk 00:31:17]} {[%emt 00:00:44]} Qa7+ {[%clk 00:19:45]}
{[%emt 00:03:05]} 25. Kh1 {[%clk 00:30:54]} {[%emt 00:00:27]} Qb8 {[%clk
00:18:37]} {[%emt 00:01:13]} 26. c4 {[%clk 00:28:50]} {[%emt 00:02:10]} Re8
{[%clk 00:16:16]} {[%emt 00:02:24]} 27. Qf3 {[%clk 00:26:55]} {[%emt 00:02:02]}
Qa8 {[%clk 00:15:05]} {[%emt 00:01:16]} 28. Qh5 {[%clk 00:26:35]} {[%emt
00:00:25]} Re6 {[%clk 00:12:45]} {[%emt 00:02:24]} 29. Qxh6 {[%clk 00:26:06]}
{[%emt 00:00:34]} Qf8 {[%clk 00:12:20]} {[%emt 00:00:29]} 30. Qxg5+ {[%clk
00:25:58]} {[%emt 00:00:14]} Kh8 {[%clk 00:11:48]} {[%emt 00:00:36]} 31. Rf3
{[%clk 00:24:28]} {[%emt 00:01:36]} e4 {[%clk 00:11:00]} {[%emt 00:00:54]} 32.
Qh5+ {[%clk 00:24:17]} {[%emt 00:00:16]} Kg8 {[%clk 00:10:44]} {[%emt
00:00:20]} 33. Rg3+ {[%clk 00:24:11]} {[%emt 00:00:11]} Qg7 {[%clk 00:10:23]}
{[%emt 00:00:26]} 34. Rxg7+ {[%clk 00:24:08]} {[%emt 00:00:09]} Kf8 {[%clk
00:09:38]} {[%emt 00:00:50]} 35. Qh8# {[%emt 00:00:06]} 1-0